Biblioteca española : (Record no. 163766)

MARC details
000 -LEADER
campo de control de longitud fija 01395nam a2200301 i 4500
001 - NÚMERO DE CONTROL
campo de control 163766
003 - IDENTIFICADOR DE NÚMERO DE CONTROL
campo de control ES-MaACL
005 - FECHA Y HORA DE LA ÚLTIMA TRANSACCIÓN
campo de control 20250904063104.0
008 - DATOS DE LONGITUD FIJA--INFORMACIÓN GENERAL
campo de control de longitud fija 931025s1781 sp |||| | spa d
100 1# - ENTRADA PRINCIPAL--NOMBRE DE PERSONA
Nombre de persona Rodríguez de Castro, José,
Fechas asociadas al nombre 1730-1799
9 (RLIN) 166445
245 10 - MENCIÓN DEL TÍTULO
Título Biblioteca española :
Resto del título tomo primero, que contiene la noticia de los escritores rabinos españoles desde la epoca conocida de su literatrua hasta el presente /
Mención de responsabilidad, etc. su autor D. Joseph Rodriguez de Castro.
260 ## - PUBLICACIÓN, DISTRIBUCIÓN, ETC.
Lugar de publicación, distribución, etc. En Madrid :
Nombre del editor, distribuidor, etc. en la Imprenta Real de la Gazeta,
Fecha de publicación, distribución, etc. 1781.
300 ## - DESCRIPCIÓN FÍSICA
Extensión [34], 668, [168] p. ;
Dimensiones Fol.
510 4# - NOTA DE CITAS O REFERENCIAS BIBLIOGRÁFICAS
Nombre de la fuente Palau 233764
530 ## - NOTA DISPONIBLE DE FORMULARIO FÍSICO ADICIONAL
Nota de formato físico adicional disponible Disponible en formato digital.
546 ## - NOTA DE IDIOMA
Nota de lengua/lenguaje Texto en español y hebreo.
597 ## - NOTA DE DESCRIPCIÓN FÍSICA
NOTA DE DESCRIPCIÓN FÍSICA Sign.: [a]-h\p2\s, i\p1\s, A-Z\p4\s, 2A-2Z\p4\s, 3A-3B\p4\s, 3C-3D\p2\s, 3E-3Z\p4\s, 4A-4P\p4\s, 4Q\p2\s, 4R-4Z\p4\s, 5A-5O\p4\s.
597 ## - NOTA DE DESCRIPCIÓN FÍSICA
NOTA DE DESCRIPCIÓN FÍSICA Error tip. de sign. en 2K\b1\s consta 2G\b1\s.
597 ## - NOTA DE DESCRIPCIÓN FÍSICA
NOTA DE DESCRIPCIÓN FÍSICA Texto a dos col.
597 ## - NOTA DE DESCRIPCIÓN FÍSICA
NOTA DE DESCRIPCIÓN FÍSICA Antep.
650 #4 - PUNTO DE ACCESO ADICIONAL DE MATERIA--TÉRMINO DE MATERIA
Término de materia o nombre geográfico como elemento de entrada Escritores hebreos-
Subdivisión de forma Biobibliografías.
9 (RLIN) 172443
650 #4 - PUNTO DE ACCESO ADICIONAL DE MATERIA--TÉRMINO DE MATERIA
Término de materia o nombre geográfico como elemento de entrada Literatura rabínica-
Subdivisión de forma Bibliografías.
9 (RLIN) 172444
710 2# - ENTRADA AGREGADA--NOMBRE DE ENTIDAD CORPORATIVA
Nombre de entidad corporativa o nombre de jurisdicción como elemento de entrada Imprenta de la Gaceta
9 (RLIN) 134467
752 ## - ENTRADA AGREGADA--NOMBRE JERÁRQUICO DEL LUGAR
País o entidad superior España -
Ciudad Madrid
852 ## - LOCALIZACIÓN
Ubicación ES-MaACL
Número de control de estantería R-130
Nota libre - Enc. hol.
Signatura antigua - Olim: B-473
856 ## - LOCALIZACIÓN Y ACCESO ELECTRÓNICOS
Identificador Uniforme de Recursos <a href="http://bdh-rd.bne.es/viewer.vm?id=0000046223&page=1 ">http://bdh-rd.bne.es/viewer.vm?id=0000046223&page=1 </a>
Nota pública Biblioteca Digital Hispánica
-- (V. 1-2)
Holdings
Estatus retirado Estado de pérdida Estado de daño No para préstamo Colección Biblioteca de origen Biblioteca actual Ubicación en estantería Fecha de adquisición Fuente de adquisición Total de préstamos Signatura topográfica completa Código de barras Visto por última vez Precio de reemplazo Tipo de ítem Koha
        Colección digital Biblioteca del Ateneo de Madrid Biblioteca del Ateneo de Madrid Depósito 17/01/2008     R-130 1171623 23/02/2023 23/02/2023 Libro impreso antiguo